Biggest US Cities in the Mountain Standard Time Zone (MST) - Statistics

General Stats
  • This quiz has been taken 50 times
  • The average score is 10 of 15
Answer Stats
Rank Population City % Correct
19 682,545 Denver
100%
124 192,672 Salt Lake City
96%
6 1,563,025 Phoenix
93%
40 456,568 Colorado Springs
89%
32 559,121 Albuquerque
80%
99 218,281 Boise
78%
33 531,641 Tucson
76%
20 681,124 El Paso
71%
38 471,825 Mesa
60%
54 359,407 Aurora
56%
92 236,839 Scottsdale
53%
88 240,126 Glendale
44%
76 260,828 Chandler
42%
138 175,826 Tempe
40%
146 171,237 Peoria
24%
No matching quizzes found
Score Distribution
Percent of People with Each Score
Percentile by Number Answered
Your Score History
You have not taken this quiz